01123cam a22003974i 4500003000900000005001700009008004100026035001800067035001800085040003300103082002200136100003000158245004900188264005900237300003500296336002100331337002500352338002300377505012900400526001000529526001000539526000900549526000900558526000900567526000900576526000900585526000900594526000900603526000800612526000800620526000800628526000800636526000800644630005200652700002100704PE-LiUPU20250731165621.0150616s r 000 0 d a(Sirsi) a6110 a(Sirsi) a6110 aPE-LiUPUbspacPE-LiUPUerda04a220.6603bS742211 aSpence, H. D. M.,eautor.14aThe Pulpit Commentary; Amos to Malachi.n14. 1aMichigan :bWm. B. Eerdmans Publishing Company,c1962. apaginación variada ;c23 cm. atext2rdacontent aunmediated2rdamedia avolume2rdacarrier0 aComentarios de los libros de Amós, Abdías, Jonás, Miqueas, Nahum, Habacuc, Sofonías, Ageo, Zacarías y Malaquías. aSEG44 aSEG26 aP151 aP150 aP149 aP146 aP145 aP126 aP125 aP92 aP75 aP74 aP27 aP15 aBiblia.pA.T.pAmós-MalaquíasxComentarios.1 aExell, Joseph S.